Ökrös Dezső búcsúztatása
Elmentve itt :
| Dokumentumtípus: | Cikk |
|---|---|
| Megjelent: |
1973-10-11
|
| Sorozat: | Délmagyarország
63 No. 238 |
| Kulcsszavak: | Ökrös Dezső |
| Online Access: | http://dmarchiv.bibl.u-szeged.hu/98169 |
| LEADER | 00400nab a2200145 i 4500 | ||
|---|---|---|---|
| 001 | delm98169 | ||
| 005 | 20190329090403.0 | ||
| 008 | 190329s1973 hu o 0|| hun d | ||
| 040 | |a SZTE Délmagyarország Archívum |b hun | ||
| 041 | |a hun | ||
| 245 | 0 | 0 | |a Ökrös Dezső búcsúztatása |h [elektronikus dokumentum] |
| 260 | |c 1973-10-11 | ||
| 300 | |a 8 | ||
| 490 | 0 | |a Délmagyarország |v 63 No. 238 | |
| 695 | |a Ökrös Dezső | ||